000
00249nam a2200109 a 4500
005
20200930070917.0
008
110929s1990 000 spa d
020
_a
8475095798
245
0
_a
Barreras.
260
_a
Barcelona,
_c
1990.
999
_c
33746
_d
33746
040
_a
DO-SdBNP